000 00717nam a2200157Ia 4500
008 090124s9999 xx 000 0 und d
082 _b13657
245 _a मराठी तत्वज्ञान-महाकोश तृतीय खंड
250 _a0
260 _b"मराठी तत्त्वज्ञान-महाकोश मंडळ, पुणे"
_c1974
300 _a506
630 _a मराठी तत्वज्ञान-महाकोश तृतीय खंड
700 _aवाडेकर देवीदास दत्तात्रेय
730 _a मराठी तत्वज्ञान-महाकोश तृतीय खंड
942 _cBOOK
999 _c100671
_d100671